[Event "Foros Aerosvit"]
[Site "Foros"]
[Date "2007.06.18"]
[Round "1"]
[White "Karjakin, Sergey"]
[Black "Ivanchuk, Vassily"]
[Result "1/2-1/2"]
[WhiteElo "2686"]
[BlackElo "2729"]
[Annotator "Rogozenco,D"]
[PlyCount "45"]
[EventDate "2007.06.18"]
[EventType "tourn"]
[EventRounds "11"]
[EventCountry "UKR"]
[EventCategory "18"]
[SourceTitle "CBM 119"]
[Source "ChessBase"]
[SourceDate "2007.08.01"]
[SourceVersion "1"]
[SourceVersionDate "2007.08.01"]
[SourceQuality "1"]

{When Kasparov was active in chess, his opponents' opening preparation would
usually bring no desired result for them for the reason that Kasparov's
preparation was deeper. Much deeper. One could relatively easily guess
correctly what opening and even what concrete variation will Kasparov choose
to play in a given game, but nevertheless that would rarely help his opponents:
Kasparov's analysis and evaluation of the resulting positions were more
precise than anyone else's. To put it differently: against Kasparov you knew
what to expect, but you simply had too little time and resources to analyse it
deep enough. Well, against Ivanchuk there is another story. Trying to guess
correctly even his first move is a difficult job. Trying to guess the
variation he is going to choose is entirely hopeless. Only in 2007 Ivanchuk
replied 1.e4 with 1...e5, 1...e6, 1...c5, 1...c6, 1...d6 and even 1...Nf6! The
two remained reasonable answers after 1.e4 (1...g6 and 1...d5) were played by
Ivanchuk in 2006. Thus basically in just one year time Ivanchuk played all
possible openings against 1.e4... To put it differently: before the game you
have no clue what to expect from the Ukrainian GM. So the best preparation
against Ivanchuk during a tournament is to go for a walk or have a good sleep.
} 1. e4 c5 {Najdorf? Ivanchuk likes to play it.} 2. Nf3 Nc6 {Looks like the
Sveshnikov Variation. Ivanchuk plays it often too.} 3. d4 cxd4 4. Nxd4 g6 {
After all it is the Accelerated Dragon. Indeed, from time to time Ivanchuk
chooses it as well.  It won't be an exaggeration at all to affirm that Vassily
can play absolutely everything. But really amazing is the fact that he knows
very well these openings, often better than his very strong opponents.} 5. Nc3
({Two years ago Ivanchuk showed a deep knowledge and preparation in the
Maroczy Variation:} 5. c4 d6 6. Nc3 Nf6 7. Be2 Nxd4 8. Qxd4 Bg7 9. Be3 Be6 10.
Rc1 Qa5 11. f3 O-O 12. Qd2 Rfc8 13. b3 a6 14. Na4 Qxd2+ 15. Kxd2 Nd7 16. g4 f5
17. exf5 gxf5 18. h3 Rf8 19. f4 Rad8 20. Nc3 d5 21. cxd5 Nf6 22. Rhg1 Nxd5 23.
Nxd5 Bxd5 24. Ke1 e6 {Only this move is a novelty. A good one.} 25. gxf5 Rxf5
26. Bd4 Rf7 27. Bh5 Rfd7 $11 {1/2-1/2 Dominguez,L (2658)-Ivanchuk,V (2739)/
Havana 2005 (45)}) 5... Bg7 6. Be3 Nf6 7. Bc4 O-O {In case that Karjakin
expected in a way the first 6 moves (after all they have already had a game
with these moves before!), Ivanchuk's 7...0-0 must have came as a real
surprise. Now the Accelerated Dragon will soon transpose into the classical
Dragon Sicilian, which is a very rare guest on the high level nowadays. In
spite of his wide repertoire, Ivanchuk played the Dragon Sicilian only many
years ago.} ({Ivanchuk used to play} 7... Qa5 {lately. Same opponents had it
before:} 8. O-O (8. f3 Qb4 $132) 8... O-O 9. Nb3 Qc7 10. Bg5 a6 11. Be2 d6 $11
{0-1 Karjakin,S (2635)-Ivanchuk,V (2739)/Warsaw 2005 (38)}) 8. Bb3 d6 ({Here} 
8... Qa5 {is less attractive in view of} 9. f3 $14) 9. f3 Bd7 10. Qd2 Rc8 11.
O-O-O Ne5 12. Kb1 {The most critical move.} Re8 ({The once popular variation} 
12... Nc4 13. Bxc4 Rxc4 14. g4 b5 15. b3 $1 {with advantage for White run
almost completely out of fashion}) 13. Bh6 {Karjakin makes a move that brought
him success in the past, but most likely the young Ukrainian was caught by
surprise by Ivanchuk and forgot that the evaluation of 13.Bh6 changed after
that early game of his.} ({The strongest is} 13. h4 {and only after} h5 {
White plays} 14. Bh6 {The point is that after the inclusion of h4/h5 the
sacrifice on c3 is no longer good for Black:} Bxh6 ({The main direction is} 
14... Nc4 15. Bxc4 Rxc4 16. Bxg7 Kxg7 17. Nd5 $14) 15. Qxh6 Rxc3 $6 16. bxc3 a5
17. f4 {[%csl Rg6] This is the difference: Black can't remove the knight from
e5 in view of Qxg6. After the forced} Nfg4 18. Qg5 a4 19. fxe5 axb3 20. cxb3
Nxe5 21. Nf3 $16 {Black doesn't have sufficient compensation for the exchange.
It's a pity that Ivanchuk's intention after 13.h4 remains a mystery.}) 13...
Bxh6 14. Qxh6 Rxc3 $1 15. bxc3 a5 $1 {No wonder that Ivanchuk is aware of the
best play for Black.} (15... Qc7 {is weaker:} 16. h4 Qxc3 17. Ne2 $1 (17. h5
Nc4 18. Qc1 Rc8 19. hxg6 fxg6 20. Ne2 Qb4 21. Nf4 $14 {1-0 Karjakin,S (2460)
-Zeliakov,N/Dubai (rapid) 2002 (50)}) 17... Qb4 18. h5 {and White has a strong
attack.}) 16. a4 (16. a3 Qb6 (16... a4 17. Ba2 Qb6+ 18. Ka1 Qc5 19. Kb2 Qb6+
$11) 17. Ka1 Qc5 18. Qc1 b5 19. Qb2 Ra8 20. Ba2 h5 $44 {0-1 Al Sayed,M (2443)
-Hakki,I (2451)/Dubai 2004 (51)}) 16... Qb6 (16... b5 17. Nxb5 (17. axb5 a4 18.
Ba2 Qa5 $44) 17... Bxb5 18. axb5 a4 19. Ba2 (19. Bxa4 $5 Qa5 20. Rd4 $13) 19...
Qa5 20. Rd4 Qxb5+ 21. Ka1 Qc5 22. Qd2 Qa3 23. Rb1 $16 {1-0 Tranchant,S (2115)
-Sebe Vodislav,F (2298)/Avoine 2004 (36)}) (16... Qc7 17. h4 (17. Rhe1 $6 b5
18. axb5 a4 19. Ba2 Rb8 $36) 17... b5 18. axb5 a4 19. Ba2 Rb8 20. Qd2 {Here
the draw was agreed in Tiviakov,S (2593)-Hakki,I (2451)/Taiz 2004. After} Bxb5
{Black has good play for the exchange.}) 17. h4 $146 {This new move shows
Karjakin's realistic and mature approach. In order to avoid giving his
opponent the long-term initiative and find himself on a defensive side,
Karjakin calculated that 17.h4 will most likely force Black soon to force a
draw.  It must be said that the advance of the h-pawn was mentioned by
Tiviakov in comments to the above given game versus Hakki (see 16...Qc7), but
the Dutch GM too optimistically considered that Black has an advantage after
it. The present game shows that 17.h4 leads to a draw almost by force.} (17.
Qc1 Qc5 $5 ({Black wants more than} 17... Bxa4 18. Qb2 Bxb3 19. cxb3 $13) 18.
Qb2 Rb8 19. Ka2 b5 20. axb5 Bxb5 21. Nxb5 Qxb5 $44 {1/2-1/2 Komiagina,M (2312)
-Pogonina,N (2362)/Samara 2005 (72)}) ({Black has a strong initiative after} 
17. Ka2 Qc5 {[%cal Ge5c4,Gb7b5]}) 17... Bxa4 18. h5 Nc6 (18... Bxb3 19. cxb3
Nc6 {(=/+ - Tiviakov)} (19... Rc8 20. hxg6 fxg6 21. Qd2 $14) 20. hxg6 Nxd4 21.
gxh7+ Kh8 22. cxd4 {transposes to the game.}) 19. hxg6 ({Karjakin rejected} 19.
Ka2 {in view of} Bxb3+ 20. cxb3 a4 21. b4 (21. bxa4 $2 Ra8 $19) 21... Nxd4 22.
Rxd4 Nxh5 {and with two pawns Black has good compensation. Now the idea} 23. e5
dxe5 24. Rxh5 {doesn't bring anything because of the check on e6:} Qe6+ {
Then after} 25. c4 (25. Ka3 $4 Qb3#) 25... gxh5 26. Qxe6 fxe6 $13 27. Re4 Rd8 {
White doesn't have any winning chances and the draw remains the most likely
outcome here too.}) 19... Bxb3 20. gxh7+ (20. Nxb3 $6 fxg6 $1 $44 {[%csl Rb3]
[%cal Ga5a4]} (20... a4 {allows the unexpected} 21. Rxd6 $1 exd6 (21... axb3
22. Rxf6 bxc2+ 23. Kxc2 $18) 22. gxh7+ Nxh7 23. Qxh7+ (23. e5 $16) 23... Kf8
24. e5 $1 Nxe5 (24... axb3 $4 25. Qh6+ Ke7 26. Qxd6#) 25. Qh8+ Ke7 26. Qh4+ Kd7
27. Qxa4+ $14)) 20... Kh8 21. cxb3 ({Now} 21. Nxb3 $2 a4 22. Rxd6 {is no
longer good in view of} axb3 23. Rxf6 Ra8 {with the decisive attack for Black.}
) 21... Nxd4 22. cxd4 Qxb3+ 23. Ka1 (23. Ka1 Rc8 24. Rd2 $11 {will end in a
draw as well, since black rook cannot leave the back rank due to the mate on
f8.}) 1/2-1/2

[Event "MK Cafe Cup-A"]
[Site "Koszalin"]
[Date "1999.08.05"]
[Round "3"]
[White "Slobodjan, Roman"]
[Black "Malakhov, Vladimir"]
[Result "0-1"]
[WhiteElo "2550"]
[BlackElo "2570"]
[Annotator "Rogozenco,D"]
[PlyCount "70"]
[EventDate "1999.08.03"]
[EventType "swiss"]
[EventRounds "9"]
[EventCountry "POL"]
[SourceTitle "CBM 073"]
[Source "ChessBase"]
[SourceDate "1999.12.01"]
[SourceVersion "1"]
[SourceVersionDate "1999.12.01"]
[SourceQuality "1"]

1. e4 {Schulz,A} c5 2. Nf3 g6 3. d4 Bg7 4. Nc3 cxd4 5. Nxd4 Nc6 6. Be3 Nf6 7.
Bc4 O-O 8. Bb3 d6 9. f3 Bd7 10. Qd2 Rc8 (10... Nxd4 {Schulz,A} 11. Bxd4 b5 {
ist in dieser Stellung eine respektable Alternative.}) 11. O-O-O Ne5 12. Kb1 {
Fashionable line these days.} Nc4 (12... Re8 $14) (12... a5 13. a4 $14) 13.
Bxc4 Rxc4 14. g4 Qa5 {This move probably has no independent value, since White
can transpose after 15.g5 into 14. ... Qc7 (look the comments below).} (14...
b5 15. b3 Rc8 16. Ndxb5 {Schulz,A: 'und die Kompensation muss noch gesucht
werden.'} Qa5 17. a4 {used to be the main line, but Black's prospects seem not
very good, as was shown in some recent games: Bologan-Fedorov/Calcutta/1999,
to name one.}) (14... Qc7 15. g5 Nh5 16. Nd5 Qd8 17. Ne2 $14 {became most
popular nowadays. In my opinion Black is far from equalizing here too.}) 15.
Nb3 (15. g5 Nh5 16. Nd5 Qd8 17. Ne2 {is the alternative, transposing into
another line (14. ... Qc7).}) ({Die taktische Rechtfertigung des
Damenausfluges nach a5 sieht man nach} 15. Nd5 {Schulz,A} Qxd2 16. Nxe7+ Kh8
17. Rxd2 Re8 18. g5 Nxe4 (18... Nh5 $2 19. Nd5) 19. fxe4 Rxe7 $11) 15... Qa6 {
Schulz,A: 'Neu.'} (15... Qd8 {looks ugly, although Black managed to hold in
Wells-Afek/Herzliya/1998}) ({Bekannt war bisher} 15... Qd8 {Schulz,A} 16. e5
Ne8 17. exd6 Nxd6 18. Nd5 Bc6 19. Rhe1 Bxd5 20. Qxd5 Qc7 21. Bc5 Rc8 22. Bxd6
exd6 23. c3 Be5 24. h3 a6 25. Re4 {1/2-1/2 Wells,P-Afek,Y/Herzliya 1998/EXT 99
(25)}) 16. Bh6 (16. e5 {Seems strong, but Black can create counterplay by
sacrificing a piece.} Nxg4 $1 (16... dxe5 17. g5 Bf5 18. gxf6 Bxf6 19. Nc5 Qc6
20. N5e4 $18) (16... Ne8 17. Nd5 $16) 17. fxg4 Bxg4 18. exd6 (18. Rdf1 Bxe5 19.
Nd5 Re8 20. Bg5 f6 $13) 18... Bxd1 19. dxe7 (19. Rxd1 exd6 20. Nd5 Re8 $11)
19... Bxc2+ 20. Qxc2 Re8 $13) ({Die Alternative ist} 16. e5 $5 {Schulz,A})
16... Rfc8 {Schulz,A: 'Nun ist 17...Lh8 möglich, wodurch sich der nächste
weiße Zug erklärt.'} 17. Bxg7 (17. h4 $5 {Schulz,A} Bh8 18. h5 b5 19. hxg6 $1 (
19. a3 $2 Rxc3 20. bxc3 Bxg4 21. fxg4 $2 Nxe4 $19) (19. e5 b4 $17) 19... fxg6 (
19... hxg6 $2 20. Qh2 $18) 20. e5 {Im Unterschied zu 19.e5 ist jetzt die
Diagonale c4-g8 offen.} b4 21. exf6 bxc3 22. Qd5+ e6 23. Qxd6 Qxd6 24. Rxd6 $16
) 17... Kxg7 18. h4 (18. e5 $1 {But why not now?} Ne8 (18... Nxg4 19. fxg4 Bxg4
20. Rde1) 19. exd6 Nxd6 20. Rhe1 Be6 21. Nd4 $16) 18... h6 {'!' Schulz,A.
Schulz,A: 'Stoppt den weißen Angriff. Mit einem weißen Lh6 wäre dieses Manöver
nicht möglich gewesen.'} 19. g5 (19. e5 {or now?!}) 19... Nh5 20. Rh2 $5 {
'?' Schulz,A. White is better anyway, since Black nas no counterplay on the
Queenside. In the center and on the Kingside White has the upper hand.} (20.
gxh6+ $5 {Schulz,A} Kh7 21. Rhg1 Z0 22. Qg5 $140) 20... b5 21. Qe3 e5 $6 22.
Rhd2 $16 R8c6 23. Nd5 Be6 $2 {[%mdl 64] White's pieces are placed ideally and
now he must find a way to break throu.} (23... hxg5 24. Qxg5 $16) 24. Nf6 $4 {
Wrong!} (24. Ne7 $1 Rb6 25. gxh6+ Kh7 26. Qg5 $18 {preparing Ng6 after Rg1.
There is no defence from it.} Nf4 27. h5 Nxh5 28. Rh1 Nf4 29. Qf6 {with mate.})
24... Nxf6 25. gxf6+ Kh7 $15 {The position changed completely - it's Black now
who has no bad pieces left. His King is also very safe on h7 and there are
possibilities for counterplay on the a-line.} 26. f4 $2 {But this is decissive
mistake. After Black's answer, everything is clear.} (26. Rg1 Rc8 (26... Qa4 $2
27. h5 g5 28. Rxg5 $18) 27. Rgd1 $6 d5 $1 28. exd5 Bf5 29. Rc1 (29. Qxe5 Rxc2 (
29... Bxc2+ $2 30. Rxc2 Rxc2 31. d6 $18) 30. Ka1 R2c4 $17) (29. Na1 Qxf6 30. d6
$17) 29... Qxf6 30. Qxa7 $15) 26... Qa4 $1 {White obviously missed this move.
Black prepares Ra6, and attacks the pawn on e4 in the same tame.} 27. Rxd6 (27.
Re1 Ra6 28. a3 exf4 29. Qxf4 b4 $19 30. Nd4 bxa3 31. b3 a2+ 32. Ka1 Qb4 $19)
27... Rxe4 28. Qd3 Rxd6 29. Qxd6 Rxf4 $19 30. Qxe5 Rxh4 31. Qd6 Qf4 32. Qe7 Rh2
33. a3 Qf2 34. Na1 Qd4 35. Rc1 Rf2 0-1

[Event "ISR-chT"]
[Site "Ramat Aviv"]
[Date "2000.03.31"]
[Round "8.4"]
[White "Liss, Eran"]
[Black "Stisis, Yaacov"]
[Result "1/2-1/2"]
[WhiteElo "2517"]
[BlackElo "2403"]
[Annotator "Rogozenco,D"]
[PlyCount "54"]
[EventDate "2000.01.14"]
[EventType "team"]
[EventRounds "11"]
[EventCountry "ISR"]
[SourceTitle "CBM 077"]
[Source "ChessBase"]
[SourceDate "2000.07.27"]
[SourceVersion "1"]
[SourceVersionDate "2000.07.27"]
[SourceQuality "1"]
[WhiteTeam "Rishon Le Zion Kasparov"]
[BlackTeam "Tel Aviv Univ"]
[WhiteTeamCountry "ISR"]
[BlackTeamCountry "ISR"]

1. e4 c5 2. Nf3 d6 3. d4 cxd4 4. Nxd4 Nf6 5. Nc3 g6 6. Be3 Bg7 7. f3 O-O 8. Qd2
Nc6 9. Bc4 Bd7 10. O-O-O Rc8 11. Bb3 Ne5 12. Kb1 {A popular continuation.
Black wasn't able to find a clear way against it yet.} Nc4 (12... Re8 {In my
opinion the most flexible move. Black makes an usefull in many cases move and
waits for White's reaction. If 13.g4, then 13. ... b5 is possible, as the pawn
on f3 will be hanging. If 13.h4, then 13. ... h5 is possible, leading to
another direction: 12.h4 h5 13.Kb1 Re8.}) 13. Bxc4 Rxc4 14. g4 Qb8 (14... b5 $2
15. b3 $16) (14... Qc7 {is probably also not enough for equality.}) 15. h4 Rfc8
(15... b5 16. h5 b4 17. Nd5 Nxd5 18. exd5 g5 19. h6 Be5 20. b3 Rc3 21. Bxg5 f6
22. Be3 Rfc8 23. Rc1 Kh8 24. Rhg1 Qb7 25. f4 Bxd4 26. Bxd4 Rf3 27. g5 {1-0
Sorin,M-Werner,I/FRA 1998}) 16. h5 Rxc3 $5 $146 {Interesting possibility. Only
the future practice will show if Black has enough compensation. This
continuation is probably better than the alternatives, but I can hardly
believe that Black can solve all his problems.} (16... e6 17. hxg6 fxg6 18. Nb3
Qc7 19. Bh6 Bh8 20. Bf4 Ba4 21. Bxd6 Qf7 22. Nxa4 Rxa4 23. Be5 Rac4 24. c3 Bg7
25. Qf4 Rf8 26. Qh2 Nd7 {1-0 Milu,R-Gheng,J/Miercurea Ciuc 1998}) 17. bxc3 Qc7
18. hxg6 fxg6 19. Nb3 Be6 (19... Qxc3 $6 20. Qxc3 Rxc3 21. Rd3 $16) 20. Bd4 Bf7
{Black just plays the position with an exchange up. Interesting approach, as
he is not in danger of getting mated anymore.} 21. g5 Nh5 22. Bxg7 Nxg7 23. f4
a5 24. Rh3 a4 25. Nc1 (25. Nd4 $2 Qc4 26. Qh2 Qxa2+ 27. Kc1 a3 $132) 25... Qb6+
26. Ka1 Rc5 27. Qe3 (27. Rdh1 $5 Nh5 28. Nd3 Rc4 29. e5) 27... Qc6 {Of course
Black has positional compensation for the exchange, but I think the draw
agreement is a bit premature. White could've play on.} 1/2-1/2